000 01582cam a22003854a 4500
001 14330343
003 OSt
005 20220606045224.0
008 060405s2006 ctua b 001 0 eng
010 _a 2006011701
020 _a159158230X (alk. paper)
020 _a1591582350 (pbk : alk. paper)
035 _a(OCoLC)ocm66527059
040 _cMMU
_aMMU
_beng
_dMMU
042 _apcc
050 0 0 _aZ693
_b.W94 2006
082 0 0 _a025.3
_222
100 1 _aTaylor, Arlene G.,
_d1941-
245 1 0 _aIntroduction to cataloging and classification /
_cArlene G. Taylor ; with the assistance of David P. Miller.
250 _a10th ed.
260 _aWestport, Conn. :
_bLibraries Unlimited,
_c2006.
300 _axviii, 589 p. :
_bill. ;
_c24 cm.
440 0 _aLibrary and information science text series
500 _aRev. ed. of: Wynar's introduction to cataloging and classification. Rev. 9th ed. 2004.
504 _aIncludes bibliographical references (p. 549-575) and index.
630 0 0 _aAnglo-American cataloguing rules.
650 0 _aCataloging.
650 0 _aClassification
_xBooks.
700 1 _aMiller, David P.
_q(David Peter),
_d1955-
700 1 _aTaylor, Arlene G.,
_d1941-
_tWynar's introduction to cataloging and classification.
856 4 1 _3Table of contents only
_uhttp://www.loc.gov/catdir/toc/ecip0612/2006011701.html
906 _a7
_bcbc
_corignew
_d1
_eecip
_f20
_gy-gencatlg
942 _2lcc
_cLOAN LOAN
999 _c16460
_d16460